000
00414nam a22001697a 4500
003
MPLRDC
005
20220104114417.0
008
210129b ||||| |||| 00| 0 eng d
082
_a
848.1 DMHL-3
100
_a
端木蕻良著
245
_a
端木蕻良小说选
_c
250
_a
一版一刷
260
_a
_b
湖南人民出版社
_c
1982
300
_b
平
650
_a
现代别集
942
_c
BK
_o
848.1 DMHL-3
999
_c
7260
_d
7250